000 01207cam a2200313 a 4500
001 3562372
003 NUST - PNEC
005 20170116180849.0
008 980819s1999 flua b 001 0 eng
010 _a 98042176
020 _a0849382254
040 _aDLC
_cLIBRARY
_dDLC
050 0 0 _aTS653
_b.B87 1999
082 0 0 _a620.16 BUR
100 1 _aBurakowski, Tadeusz.
245 1 0 _aSurface engineering of metals : principles, equipment, technologies /
_cTadeusz Burakowski, Tadeusz Wierzchoń.
260 _aBoca Raton, Fla. :
_bCRC Press,
_cc1999.
300 _a592 p. :
_bill. ;
_c24 cm.
490 1 _aCRC series in materials science and technology
504 _aIncludes bibliographical references and index.
650 0 _aMetals
_xSurfaces.
_xME
650 0 _aSurfaces (Technology)
700 1 _aWierzchoń, Tadeusz.
830 0 _aMaterials science and technology (Boca Raton, Fla.)
856 4 2 _3Publisher description
_uhttp://www.loc.gov/catdir/enhancements/fy0646/98042176-d.html
906 _a7
_bcbu
_corignew
_d1
_eocip
_f19
_gy-gencatlg
942 _2ddc
_cBK
999 _c64561
_d64561